Cơ sở thiết kế khuôn phun ép nhựa /

Sản phẩm nhựa ngày càng được sử dụng phổ biến trong công nghiệp và trong đời sống thì việc thiết kế, chế tạo khuôn phun ép nhựa trở thành một lĩnh vực quan trọng trong ngành Cơ khí.

Na minha lista:
Detalhes bibliográficos
Autor principal: Võ Văn Cường
Formato: Livro
Idioma:Vietnamese
Publicado em: TpHCM : , 2017
Assuntos:
Tags: Adicionar Tag
Sem tags, seja o primeiro a adicionar uma tag!
Thư viện lưu trữ: Thư viện Trường CĐ Kỹ Thuật Cao Thắng
LEADER 01064nam a2200241 a 4500
001 TVCDKTCT94513
003 TVCĐKTCT
005 20171017092137.5
008 171017syyyy vn
980 \ \ |a Thư viện Trường CĐ Kỹ Thuật Cao Thắng 
024 |a RG_1 #1 eb0 i1 
041 0 # |a vie 
082 # # |a 745.2   |b C460S 
100 1 # |a Võ Văn Cường  
245 1 0 |a Cơ sở thiết kế khuôn phun ép nhựa /   |c Võ Văn Cường 
246 # # |b Tài liệu lưu hành nội bộ 
260 # # |a TpHCM :   |b ,   |c 2017 
300 |a 223 tr. ;   |c 27 cm 
520 # # |a Sản phẩm nhựa ngày càng được sử dụng phổ biến trong công nghiệp và trong đời sống thì việc thiết kế, chế tạo khuôn phun ép nhựa trở thành một lĩnh vực quan trọng trong ngành Cơ khí. 
541 # # |a Mua 
650 # 4 |a Thiết kế khuôn 
653 # # |a Phun ép nhựa 
841 # # |b Kho Sách   |j 100049938, 100049948, 100049953, 100050112, 100050121